| 000 | 01366cam a2200337 i 4500 | ||
|---|---|---|---|
| 001 | 42689 | ||
| 003 | Mx-PuUPA | ||
| 005 | 20250515150359.0 | ||
| 008 | 140415s1989 mx gr 001 0 spa d | ||
| 020 | _a968390310X | ||
| 040 |
_cMx-PuUPA _aMx-PuUPA _bspa _dMx-PuUPA _erda |
||
| 041 | 0 | _aspa | |
| 043 | _acl----- | ||
| 100 | 1 |
_aMelgar Bao, Ricardo, _d1946-2020 _916775 _eautor |
|
| 245 | 1 | 3 |
_aEl movimiento obrero latinoamericano II : _bhistoria de una clase subalterna / _cRicardo Melgar Bao |
| 250 |
_aPrimera edición / _ben la colección Los Noventa |
||
| 264 | 1 |
_aMéxico, D.F. : _bAlianza Editorial Mexicana, _c©1989 |
|
| 300 |
_apáginas 211-490 ; _c21 cm |
||
| 336 |
_2rdacontent _atexto _btxt |
||
| 337 |
_2rdamedia _asin medio _bn |
||
| 338 |
_2rdacarrier _avolumen _bnc |
||
| 490 | 0 |
_aLos Noventa ; _v28 |
|
| 650 | 7 |
_2armarc _aMovimiento obrero _zAmérica Latina _xHistoria |
|
| 650 | 7 |
_2armarc _aTrabajo y trabajadores _zAmérica Latina _xHistoria |
|
| 651 | 4 |
_aAmérica Latina _xHistoria _y1800-1999 |
|
| 780 | 0 | 0 |
_aMelgar Bao, Ricardo, _dMéxico, D.F. : Alianza Editorial Mexicana,©1989 _tEl movimiento obrero latinoamericano I : historia de una clase subalterna _w(Mx-PuUPA) 42674 _z9683903037 |
| 942 |
_2ddc _cLI _h331.8098 _iM57 |
||
| 999 |
_c42689 _d42689 |
||